[Event "4th Lost Boys op"]
[Site "Antwerp BEL"]
[Date "1996.08.06"]
[Round "5.12"]
[White "Maes, Wim"]
[Black "Rotsagov, Mihhail"]
[Result "1/2-1/2"]
[WhiteElo "2205"]
[BlackElo "2495"]
[EventDate "1996.08.02"]
[PlyCount "89"]

1.e4 c5 2.Nf3 e6 3.d4 cxd4 4.Nxd4 Qb6 5.Nb3 Qc7 6.Bd3 Nf6 7.Nc3 a6 8.Be3 
b5 9.f3 Bb7 10.Qd2 Nc6 11.O-O-O Ne5 12.Qf2 Rc8 13.Bb6 Qb8 14.Kb1 Bb4 15.
Ba5 Be7 16.g4 d6 17.g5 Nfd7 18.f4 Nc6 19.Bb6 Nxb6 20.Qxb6 Qa7 21.Qxa7 Nxa7
22.a4 b4 23.Na2 Nc6 24.Rhg1 h6 25.h4 hxg5 26.hxg5 Rh4 27.Rdf1 Kd7 28.f5 
Ne5 29.fxe6+ fxe6 30.Nxb4 d5 31.Bxa6 Bxa6 32.Nxa6 Rxe4 33.Re1 Rxa4 34.Rxe5
Rxa6 35.Rf1 Rf8 36.Rxf8 Bxf8 37.c3 Rb6 38.Kc2 Bd6 39.Re1 Ke7 40.Nd4 Bf4 
41.Nf3 Kf7 42.Ne5+ Ke8 43.Nf3 Kf7 44.Ne5+ Ke8 45.Nf3 1/2-1/2

[Event "4th Lost Boys op"]
[Site "Antwerp BEL"]
[Date "1996.08.06"]
[Round "5.13"]
[White "Wells, Peter"]
[Black "Enklaar, Bertus"]
[Result "1-0"]
[WhiteElo "2475"]
[BlackElo "2390"]
[EventDate "1996.08.02"]
[PlyCount "79"]

1.Nf3 Nf6 2.d4 e6 3.c4 c5 4.d5 exd5 5.cxd5 d6 6.Nc3 g6 7.h3 Bg7 8.e4 O-O 
9.Bd3 b5 10.Nxb5 Re8 11.O-O Nxe4 12.Re1 a6 13.Qa4 Bd7 14.Qa3 Bxb5 15.Bxb5 
Nd7 16.Bc6 Ra7 17.Re2 h6 18.Bf4 f5 19.Rae1 Rf8 20.Bxd7 Qxd7 21.Nd2 g5 22.
Nxe4 gxf4 23.Nd2 Qb5 24.Qf3 Qxb2 25.Nc4 Qb4 26.Nxd6 Rd7 27.Ne8 Bc3 28.Rc1 
Bh8 29.d6 Qd4 30.Qb3+ Rff7 31.Re7 Rxe7 32.dxe7 c4 33.Qb8 Rxe7 34.Nd6+ Kh7 
35.Nxf5 Qb2 36.Qxf4 Re6 37.Qxc4 Be5 38.g4 Rf6 39.Rd1 Qb7 40.Re1 1-0

[Event "4th Lost Boys op"]
[Site "Antwerp BEL"]
[Date "1996.08.06"]
[Round "5.15"]
[White "Gurevich, Mikhail"]
[Black "Van Schaardenburg, Mark"]
[Result "1-0"]
[WhiteElo "2605"]
[BlackElo "2295"]
[EventDate "1996.08.02"]
[PlyCount "67"]

1.c4 Nf6 2.Nc3 c5 3.g3 g6 4.Bg2 Bg7 5.d3 O-O 6.Rb1 e6 7.e4 Nc6 8.Nge2 d6 
9.O-O Nd4 10.b4 Nd7 11.Be3 Qe7 12.f4 Rb8 13.Bxd4 Bxd4+ 14.Nxd4 cxd4 15.Nb5
a5 16.Nxd4 d5 17.cxd5 exd5 18.e5 axb4 19.Qd2 Ra8 20.Rfc1 Nb8 21.Qxb4 Qxb4 
22.Rxb4 Rxa2 23.Bxd5 Rd2 24.Be4 Nc6 25.Nxc6 bxc6 26.Rbc4 Bf5 27.Bxf5 gxf5 
28.Rxc6 Rxd3 29.Rf6 Rd2 30.Rf1 Rc8 31.Rf2 Rd1+ 32.Kg2 h5 33.Rxf5 h4 34.
gxh4 1-0

[Event "4th Lost Boys op"]
[Site "Antwerp BEL"]
[Date "1996.08.06"]
[Round "5.16"]
[White "Roofthoofd, Marcel"]
[Black "Shchekachev, Andrei"]
[Result "1/2-1/2"]
[WhiteElo "2295"]
[BlackElo "2560"]
[EventDate "1996.08.02"]
[PlyCount "49"]

1.e4 d6 2.d4 g6 3.Be2 Nf6 4.Nc3 Bg7 5.h4 h5 6.Nf3 O-O 7.O-O Bg4 8.Bg5 Nc6 
9.d5 Nb8 10.Nh2 Bxe2 11.Qxe2 Qd7 12.Rfe1 c6 13.Rad1 Re8 14.Qf3 Qc8 15.e5 
dxe5 16.d6 Qe6 17.dxe7 Nbd7 18.Ne4 Nxe4 19.Qxe4 Nb6 20.Nf3 Nd5 21.Nxe5 
Nxe7 22.Nd7 Qxe4 23.Rxe4 Nd5 24.Rxe8+ Rxe8 25.c4 1/2-1/2

[Event "4th Lost Boys op"]
[Site "Antwerp BEL"]
[Date "1996.08.06"]
[Round "5.17"]
[White "Kogan, Artur"]
[Black "Claesen, Jeroen"]
[Result "1-0"]
[WhiteElo "2475"]
[BlackElo "2285"]
[EventDate "1996.08.02"]
[PlyCount "51"]

1.e4 d6 2.d4 Nf6 3.Nc3 g6 4.Bg5 Bg7 5.Qd2 h6 6.Bf4 c6 7.Be2 Qa5 8.Nf3 g5 
9.Bg3 b5 10.e5 b4 11.exf6 bxc3 12.bxc3 Bxf6 13.h4 g4 14.Nh2 h5 15.O-O Nd7 
16.f3 Bb7 17.fxg4 hxg4 18.Bxg4 Bxh4 19.Bxh4 Rxh4 20.Qf4 Rh7 21.Rae1 Kd8 
22.Qe4 f5 23.Rxf5 Qxc3 24.Rf3 Qd2 25.Rb1 Qh6 26.Rh3 1-0

[Event "4th Lost Boys op"]
[Site "Antwerp BEL"]
[Date "1996.08.06"]
[Round "5.18"]
[White "Van den Doel, Erik"]
[Black "Sadkowsky, Daniel"]
[Result "1/2-1/2"]
[WhiteElo "2440"]
[BlackElo "2270"]
[EventDate "1996.08.02"]
[PlyCount "82"]

1.e4 c5 2.Nf3 d6 3.d4 cxd4 4.Nxd4 Nf6 5.Nc3 a6 6.f4 e6 7.Qf3 Qb6 8.Nb3 Qc7
9.g4 b5 10.Bd3 Bb7 11.g5 Nfd7 12.Be3 b4 13.Ne2 Nc6 14.O-O-O O-O-O 15.Kb1 
Kb8 16.Qf2 g6 17.Rc1 Na5 18.Qe1 Nxb3 19.axb3 d5 20.exd5 Bxd5 21.Bxa6 Qa5 
22.Bc4 Bxc4 23.bxc4 Kc7 24.Nd4 Ra8 25.Nb5+ Kd8 26.Ba7 Bc5 27.Qe4 Rxa7 28.
Nxa7 Qxa7 29.Rcd1 Ke7 30.Qc6 Bd4 31.Rd3 Ra8 32.Kc1 Be3+ 33.Kd1 Bxf4 34.Ke2
Ne5 35.Qd6+ Ke8 36.Rd4 Qb7 37.Rxf4 Qxh1 38.Qxe5 Qxh2+ 39.Ke3 Qg3+ 40.Ke2 
Qh2+ 41.Kf3 Qh1+ 1/2-1/2

[Event "4th Lost Boys op"]
[Site "Antwerp BEL"]
[Date "1996.08.06"]
[Round "5.19"]
[White "Boey, Josef Martin"]
[Black "David, Alberto"]
[Result "1-0"]
[WhiteElo "2285"]
[BlackElo "2435"]
[EventDate "1996.08.02"]
[PlyCount "87"]

1.e4 c5 2.Nf3 Nf6 3.e5 Nd5 4.Nc3 e6 5.Ne4 Nc6 6.c4 Nb6 7.a3 Qc7 8.d4 Nxd4 
9.Bf4 Qc6 10.Bd3 Nxc4 11.Nxd4 cxd4 12.Qe2 b5 13.O-O Bb7 14.a4 a6 15.f3 Rc8
16.axb5 axb5 17.Rfc1 Qb6 18.b3 Na5 19.Rxc8+ Bxc8 20.Qa2 Bb4 21.Bd2 Nc6 22.
Bxb4 Nxb4 23.Qd2 Nxd3 24.Nd6+ Kd8 25.Ra8 Kc7 26.Qxd3 Qc6 27.Nxb5+ Kb7 28.
Ra1 Qb6 29.Nd6+ Kb8 30.Nxf7 Rf8 31.Nd6 Bb7 32.Rd1 Rf4 33.Nc4 Qb4 34.Rc1 g6
35.Nd6 Qb6 36.Ra1 Bc6 37.Nc4 Qb4 38.Rc1 Bb5 39.g3 Rf5 40.Qxd4 Bxc4 41.bxc4
Rxf3 42.Qxd7 Rc3 43.Qe8+ Kc7 44.Qf7+ 1-0

[Event "4th Lost Boys op"]
[Site "Antwerp BEL"]
[Date "1996.08.06"]
[Round "5.20"]
[White "De Vreugt, Dennis"]
[Black "Bosboom, Manuel"]
[Result "0-1"]
[WhiteElo "2265"]
[BlackElo "2410"]
[EventDate "1996.08.02"]
[PlyCount "84"]

1.e4 c5 2.Nf3 d6 3.d4 cxd4 4.Nxd4 Nf6 5.Nc3 a6 6.f4 e6 7.Qf3 Qb6 8.Nb3 h5 
9.Be3 Qc7 10.O-O-O b5 11.Bd3 Nbd7 12.h3 b4 13.Nb1 Bb7 14.N1d2 Rc8 15.Kb1 
Be7 16.Rhe1 e5 17.Qg3 a5 18.fxe5 dxe5 19.Bc4 a4 20.Nc1 Kf8 21.Rf1 Bxe4 22.
b3 h4 23.Qf2 Bg6 24.Nd3 Rh5 25.g4 hxg3 26.Qxg3 axb3 27.Bxb3 Nc5 28.Bxc5 
Bxc5 29.Nf3 Ne4 30.Qg4 Nc3+ 31.Ka1 Nxd1 32.Nfxe5 Rxe5 33.Qxg6 Bd4+ 34.Kb1 
Nc3+ 35.Kc1 Ne2+ 36.Kd1 Nc3+ 37.Kc1 Nxa2+ 38.Kb1 Nc3+ 39.Kc1 Ne2+ 40.Kd1 
Nc3+ 41.Kc1 Be3+ 42.Kb2 Nd1+ 0-1

[Event "4th Lost Boys op"]
[Site "Antwerp BEL"]
[Date "1996.08.06"]
[Round "5.22"]
[White "Abeln, Michiel"]
[Black "Delemarre, Jop"]
[Result "1/2-1/2"]
[WhiteElo "2100"]
[BlackElo "2360"]
[EventDate "1996.08.02"]
[PlyCount "60"]

1.e4 c6 2.d4 d5 3.Nd2 dxe4 4.Nxe4 Nd7 5.Bc4 Ngf6 6.Nxf6+ Nxf6 7.c3 Qc7 8.
Nf3 Bf5 9.Qe2 e6 10.Ne5 Bd6 11.O-O O-O 12.Re1 c5 13.dxc5 Bxc5 14.Bf4 Ng4 
15.Bg3 Nxe5 16.Bxe5 Qb6 17.Rad1 Rfd8 18.b3 h6 19.Qf3 Rxd1 20.Rxd1 Rd8 21.
Rxd8+ Qxd8 22.Bf4 g5 23.Bc1 Qd6 24.Bf1 Qe5 25.Bd2 Qd6 26.Bc1 a5 27.g3 b6 
28.Qe2 Kh7 29.Bd2 Qd8 30.b4 Be7 1/2-1/2

[Event "4th Lost Boys op"]
[Site "Antwerp BEL"]
[Date "1996.08.06"]
[Round "5"]
[White "Dutreeuw, Marc"]
[Black "Bolzoni, Victor-Angel"]
[Result "1-0"]
[WhiteElo "2390"]
[BlackElo "2260"]
[EventDate "1996.08.02"]
[PlyCount "131"]

1.e4 c5 2.Nf3 e6 3.d4 cxd4 4.Nxd4 Nf6 5.Nc3 Nc6 6.Ndb5 Bb4 7.a3 Bxc3+ 8.
Nxc3 d5 9.exd5 exd5 10.Bd3 d4 11.Ne2 O-O 12.O-O h6 13.c3 dxc3 14.Nxc3 Bg4 
15.f3 Qd4+ 16.Kh1 Rad8 17.fxg4 Qxd3 18.Qxd3 Rxd3 19.g5 hxg5 20.Bxg5 Nd5 
21.Ne4 f6 22.Nc5 Ne3 23.Rfc1 Rd1+ 24.Rxd1 Nxd1 25.Rxd1 fxg5 26.Nxb7 Ne5 
27.b3 Rf2 28.Kg1 Rb2 29.Na5 Ng6 30.Rd5 Rb1+ 31.Kf2 Rb2+ 32.Kg1 Rb1+ 33.Kf2
Rb2+ 34.Kg3 Nf4 35.Rxg5 Ne2+ 36.Kf3 Nd4+ 37.Ke4 Nxb3 38.Nxb3 Rxb3 39.Ra5 
Rb2 40.Kf3 Rb3+ 41.Kg4 Rb2 42.Kh3 Rb7 43.g4 Kh7 44.Kg3 Rb3+ 45.Kh4 Rb7 46.
Kg5 Rc7 47.h4 Rc6 48.Kf5 a6 49.Ra4 Rh6 50.g5 Rc6 51.Ra5 g6+ 52.Ke5 Kg7 53.
Rd5 Rc3 54.Rd7+ Kf8 55.Rd6 Kf7 56.Rf6+ Kg7 57.Rxa6 Re3+ 58.Kd4 Re7 59.a4 
Rd7+ 60.Kc5 Rd1 61.Rf6 Rc1+ 62.Kb5 Rb1+ 63.Ka5 Re1 64.Rf4 Re5+ 65.Kb4 Re8 
66.a5 1-0

[Event "4th Lost Boys op"]
[Site "Antwerp BEL"]
[Date "1996.08.06"]
[Round "5"]
[White "Lacrosse, Marc"]
[Black "Eliet, Nicolas"]
[Result "0-1"]
[WhiteElo "2250"]
[BlackElo "2380"]
[EventDate "1996.08.02"]
[PlyCount "95"]

1.d4 e6 2.c4 b6 3.a3 Bb7 4.Nc3 f5 5.d5 Nf6 6.g3 a5 7.Bg2 Na6 8.Nh3 Bd6 9.
O-O O-O 10.b3 Nc5 11.Bb2 Qe7 12.Nf4 Nce4 13.Nxe4 fxe4 14.dxe6 Bxf4 15.gxf4
Qxe6 16.Rc1 d6 17.Kh1 Qg4 18.e3 Qh4 19.Qe1 Ng4 20.h3 Nh6 21.Qe2 Rae8 22.
Rg1 Bc8 23.Bf1 Re7 24.Kh2 Rf5 25.Rg3 Rh5 26.Bg2 Bg4 27.Qf1 Nf5 28.c5 bxc5 
29.Qa6 Rh6 30.Qc8+ Kf7 31.Qb7 Nxg3 32.fxg3 Qh5 33.h4 Bf5 34.Qa6 Qg4 35.
Qxa5 Rg6 36.Qe1 h5 37.a4 c6 38.Qf2 Rb7 39.Rc3 Be6 40.Bxe4 Qh3+ 41.Kg1 
Rxg3+ 42.Bg2 Qg4 43.a5 Bd5 44.e4 Rxc3 45.exd5 Rcxb3 46.dxc6 Rxb2 47.cxb7 
Rxf2 48.Kxf2 0-1

[Event "4th Lost Boys op"]
[Site "Antwerp BEL"]
[Date "1996.08.08"]
[Round "6.2"]
[White "Van Wely, Loek"]
[Black "Legky, Nikolai"]
[Result "1/2-1/2"]
[WhiteElo "2605"]
[BlackElo "2540"]
[EventDate "1996.08.02"]
[PlyCount "77"]

1.d4 f5 2.g3 Nf6 3.Bg2 g6 4.Nf3 Bg7 5.O-O O-O 6.b4 a5 7.b5 d5 8.c4 dxc4 9.
Qa4 c6 10.Qxc4+ Qd5 11.Qxd5+ Nxd5 12.a4 Nb4 13.Bg5 Re8 14.Rc1 Nd7 15.Nbd2 
e5 16.dxe5 Nxe5 17.Nxe5 Rxe5 18.bxc6 bxc6 19.e3 Be6 20.Nc4 Re4 21.Bxe4 
Bxa1 22.Bxc6 Nxc6 23.Nb6 Ra7 24.Rxc6 Kf7 25.Bf4 Bf6 26.Bc7 Ra6 27.Rc1 Be7 
28.f3 Ke8 29.Kf2 Bd8 30.Bxd8 Kxd8 31.Rc6 Bb3 32.Rc8+ Ke7 33.Rb8 Be6 34.e4 
fxe4 35.fxe4 Kd6 36.Nd5 Bxd5 37.exd5 Kxd5 38.Ke3 Rc6 39.Kd3 1/2-1/2

[Event "4th Lost Boys op"]
[Site "Antwerp BEL"]
[Date "1996.08.08"]
[Round "6.3"]
[White "Ye Rongguang"]
[Black "Akesson, Ralf"]
[Result "1-0"]
[WhiteElo "2490"]
[BlackElo "2500"]
[EventDate "1996.08.02"]
[PlyCount "117"]

1.c4 Nf6 2.Nc3 c5 3.e4 Nc6 4.g3 g6 5.Bg2 Bg7 6.Nge2 O-O 7.O-O d6 8.a3 Ne8 
9.Rb1 a5 10.d3 Nc7 11.Be3 Bg4 12.f3 Bd7 13.Kh1 Nd4 14.a4 f5 15.f4 Bc6 16.
Nb5 e5 17.Nec3 Qd7 18.Qd2 Rae8 19.Rbe1 Kh8 20.Rf2 b6 21.Ref1 Nb3 22.Qd1 
Nd4 23.Qd2 Nb3 24.Qd1 Nd4 25.fxe5 Bxe5 26.Bxd4 cxd4 27.Nxc7 Qxc7 28.Nd5 
Bxd5 29.cxd5 Rc8 30.exf5 Rxf5 31.Rxf5 gxf5 32.Bh3 Qc2 33.Qf3 Qd2 34.Qxf5 
Rg8 35.Qf3 Qe3 36.Be6 Qxf3+ 37.Rxf3 Rb8 38.Rf7 b5 39.b3 bxa4 40.bxa4 h6 
41.Ra7 Rb2 42.Rxa5 Kg7 43.Ra8 h5 44.a5 h4 45.a6 Kh6 46.Kg1 Ra2 47.a7 Kh7 
48.Kf1 Kh6 49.gxh4 Kh7 50.Ke1 Bf6 51.Kd1 Bxh4 52.Kc1 Ra5 53.Kc2 Ra3 54.Kb2
Ra6 55.Kb3 Ra5 56.h3 Ra1 57.Kb4 Be1+ 58.Kb5 Bd2 59.Bd7 1-0

[Event "4th Lost Boys op"]
[Site "Antwerp BEL"]
[Date "1996.08.08"]
[Round "6.4"]
[White "Suba, Mihai"]
[Black "Miezis, Normunds"]
[Result "0-1"]
[WhiteElo "2520"]
[BlackElo "2530"]
[EventDate "1996.08.02"]
[PlyCount "82"]

1.g3 e5 2.c4 c5 3.Nc3 Nc6 4.Bg2 g6 5.a3 a5 6.e3 Bg7 7.Qa4 Nge7 8.Nge2 O-O 
9.d3 d6 10.Rb1 Be6 11.Nd5 Rb8 12.Nec3 f5 13.O-O g5 14.f4 gxf4 15.exf4 Ng6 
16.Be3 Bd7 17.Rbe1 Nd4 18.Qd1 b5 19.Bxd4 cxd4 20.Nxb5 Bxb5 21.cxb5 Rxb5 
22.b4 axb4 23.axb4 Kh8 24.Qh5 Ne7 25.Nxe7 Qxe7 26.fxe5 Rxe5 27.Rxe5 Qxe5 
28.Kh1 Qe3 29.Qd1 Be5 30.b5 Qh6 31.Qf3 Rg8 32.Qxf5 Rxg3 33.Rf2 Qc1+ 34.Bf1
Rg8 35.Qf7 Qb1 36.Qd7 Qb3 37.Qb7 Qd1 38.b6 Qe1 39.Qf3 Qb1 40.Qc6 Rb8 41.
Rf7 Qa2 0-1

[Event "4th Lost Boys op"]
[Site "Antwerp BEL"]
[Date "1996.08.08"]
[Round "6.5"]
[White "Nijboer, Friso"]
[Black "Wells, Peter"]
[Result "1-0"]
[WhiteElo "2525"]
[BlackElo "2475"]
[EventDate "1996.08.02"]
[PlyCount "69"]

1.e4 c5 2.Nf3 Nc6 3.d4 cxd4 4.Nxd4 Nf6 5.Nc3 d6 6.Bg5 e6 7.Qd2 a6 8.O-O-O 
h6 9.Be3 Be7 10.f4 Bd7 11.Kb1 b5 12.Bd3 O-O 13.h3 Nxd4 14.Bxd4 Bc6 15.Qe3 
Qc7 16.e5 dxe5 17.Bxe5 Qb7 18.Rhf1 b4 19.Bxf6 Bxf6 20.Ne4 Be7 21.g4 Qa7 
22.Qe2 Rad8 23.h4 Rd4 24.g5 Rfd8 25.Nd2 Bb5 26.Nf3 Bxd3 27.cxd3 Rxf4 28.
Ne5 Rxf1 29.Rxf1 Rd5 30.gxh6 Bd6 31.Nxf7 Qd4 32.Ng5 Qxd3+ 33.Qxd3 Rxd3 34.
h7+ Kh8 35.Rc1 1-0

[Event "4th Lost Boys op"]
[Site "Antwerp BEL"]
[Date "1996.08.08"]
[Round "6.6"]
[White "Van der Sterren, Paul"]
[Black "Gurevich, Mikhail"]
[Result "0-1"]
[WhiteElo "2510"]
[BlackElo "2605"]
[EventDate "1996.08.02"]
[PlyCount "100"]

1.d4 f5 2.g3 Nf6 3.Bg2 g6 4.c4 Bg7 5.Nc3 O-O 6.Nf3 d6 7.O-O Qe8 8.d5 Na6 
9.Rb1 c6 10.dxc6 bxc6 11.b4 Bd7 12.a3 Nc7 13.Bb2 Ne6 14.e3 Rb8 15.Qe2 a5 
16.Ba1 axb4 17.axb4 Qf7 18.Nd2 Rfc8 19.Na4 Rc7 20.c5 Ra7 21.Nb6 Be8 22.
Ndc4 Qf8 23.Qc2 dxc5 24.bxc5 Nxc5 25.Ne5 Nce4 26.Bxe4 Nxe4 27.Nxc6 Rc7 28.
Bxg7 Qxg7 29.Qc4+ Bf7 30.Nd5 Re8 31.Ncxe7+ Rcxe7 32.Nxe7+ Kf8 33.Qb4 Rxe7 
34.Rfc1 Qe5 35.Ra1 Kg7 36.Ra5 Qe6 37.Ra6 Qd7 38.Qb2+ Kh6 39.Qb8 Re8 40.
Qf4+ Kg7 41.Rc7 Qd1+ 42.Kg2 Kg8 43.Raa7 Nd2 44.h4 Bd5+ 45.e4 Rxe4 46.Rg7+ 
Kf8 47.Qd6+ Re7+ 48.Qxd5 Qf1+ 49.Kh2 Qxf2+ 50.Kh3 Qf1+ 0-1

[Event "4th Lost Boys op"]
[Site "Antwerp BEL"]
[Date "1996.08.08"]
[Round "6.9"]
[White "Vaganian, Rafael"]
[Black "Kogan, Artur"]
[Result "0-1"]
[WhiteElo "2595"]
[BlackElo "2475"]
[EventDate "1996.08.02"]
[PlyCount "130"]

1.Nf3 c5 2.c4 b6 3.g3 Bb7 4.Bg2 g6 5.d4 cxd4 6.Qxd4 Nf6 7.O-O Bg7 8.Nc3 
Nc6 9.Qe3 O-O 10.Rd1 Qc8 11.Bd2 Ng4 12.Qf4 f5 13.c5 bxc5 14.Qc4+ Kh8 15.
Qxc5 d6 16.Qc4 Na5 17.Qxc8 Rfxc8 18.h3 Nf6 19.Nd4 Bxg2 20.Kxg2 Nc4 21.Bc1 
Rab8 22.Rb1 Ne4 23.Nxe4 Na3 24.Nxd6 exd6 25.Bh6 Nxb1 26.Bxg7+ Kxg7 27.Rxb1
Rc4 28.e3 Ra4 29.b3 Rxa2 30.Rc1 a5 31.g4 fxg4 32.hxg4 Kf6 33.Kg3 h5 34.Rc6
Ke5 35.Rc7 Rh8 36.gxh5 gxh5 37.Rf7 Ke4 38.Rf4+ Kd3 39.Rf5 Ra1 40.Kh2 Kc3 
41.Rf6 Ra2 42.Kh3 Rg8 43.Rf5 Ra1 44.Kh2 h4 45.Nc6 Rgg1 46.Rh5 Kd3 47.Nd4 
d5 48.Nf3 Rgb1 49.Kg2 Rxb3 50.Rxd5+ Kc3 51.Rc5+ Kb4 52.Rh5 a4 53.Nd2 Rb2 
54.Rxh4+ Kc3 55.Ne4+ Kc2 56.Nc5 a3 57.Rc4+ Kd2 58.Rd4+ Ke2 59.Nd3 Rd2 60.
Nf4+ Ke1 61.Nd3+ Kd1 62.Rh4 Rb1 63.Nb4 Rdb2 64.Rd4+ Ke2 65.Nd3 Rd2 0-1

[Event "4th Lost Boys op"]
[Site "Antwerp BEL"]
[Date "1996.08.08"]
[Round "6.10"]
[White "Novikov, Igor"]
[Black "Overeem, Marc"]
[Result "1-0"]
[WhiteElo "2585"]
[BlackElo "2330"]
[EventDate "1996.08.02"]
[PlyCount "61"]

1.d4 d5 2.c4 dxc4 3.Nf3 Nf6 4.e3 e6 5.Bxc4 c5 6.Qe2 a6 7.dxc5 Bxc5 8.Nbd2 
Qc7 9.a3 Nbd7 10.b4 Bd6 11.Bb2 b5 12.Bd3 Bb7 13.e4 Be7 14.Rc1 Qb8 15.O-O 
O-O 16.Nb3 Qf4 17.g3 Qg4 18.Rc7 Bc8 19.Rfc1 Nh5 20.e5 Nf4 21.Qe4 Qg6 22.
Qxg6 Nxg6 23.Be4 Rb8 24.Na5 f5 25.exf6 Bxf6 26.Bxf6 Nxf6 27.Bxg6 hxg6 28.
Nc6 Bb7 29.Nxb8 Bxf3 30.Rc8 Rxc8 31.Rxc8+ 1-0

[Event "4th Lost Boys op"]
[Site "Antwerp BEL"]
[Date "1996.08.08"]
[Round "6.11"]
[White "Rotsagov, Mihhail"]
[Black "Boey, Josef Martin"]
[Result "1-0"]
[WhiteElo "2495"]
[BlackElo "2285"]
[EventDate "1996.08.02"]
[PlyCount "62"]

1.e4 e5 2.Nf3 Nc6 3.Bb5 f5 4.Nc3 fxe4 5.Nxe4 Nf6 6.Qe2 d5 7.Nxf6+ gxf6 8.
d4 Bg7 9.dxe5 O-O 10.e6 Ne5 11.O-O c6 12.Bd3 Bxe6 13.Nd4 Bg4 14.f3 Bd7 15.
Bf5 c5 16.Ne6 Qc8 17.Nxg7 Kxg7 18.f4 Ng6 19.Bxg6 hxg6 20.Qd2 Bf5 21.Qxd5 
Re8 22.Qf3 Be4 23.Qf2 Qf5 24.Bd2 Bxc2 25.Rae1 Rad8 26.Bc3 Rxe1 27.Rxe1 Rd1
28.Rxd1 Bxd1 29.Qe1 Bc2 30.Qe7+ Kh6 31.Bxf6 Qd3 1-0

[Event "4th Lost Boys op"]
[Site "Antwerp BEL"]
[Date "1996.08.08"]
[Round "6.12"]
[White "Barsov, Alexei"]
[Black "Maes, Wim"]
[Result "1/2-1/2"]
[WhiteElo "2475"]
[BlackElo "2205"]
[EventDate "1996.08.02"]
[PlyCount "76"]

1.d4 Nf6 2.c4 g6 3.Nc3 Bg7 4.e4 d6 5.Nf3 O-O 6.h3 e5 7.d5 Nbd7 8.Be3 Nc5 
9.Nd2 a5 10.g4 c6 11.Be2 cxd5 12.cxd5 Bd7 13.Kf1 Rc8 14.h4 Ne8 15.h5 Bf6 
16.Nb3 Bg5 17.Nxc5 dxc5 18.Qd2 Bxe3 19.Qxe3 Nd6 20.a4 g5 21.Ra3 h6 22.Rb3 
Kg7 23.f3 Qc7 24.Kf2 Rfd8 25.Rc1 b6 26.Bb5 Bxb5 27.Nxb5 Nxb5 28.Rxb5 Qd6 
29.Rc3 Qf6 30.Ke2 Ra8 31.Kd3 Rd6 32.Rcb3 Kg8 33.Kc4 Kg7 34.Rc3 Rc8 35.Kb3 
Re8 36.Kc2 Ra8 37.Rc4 Re8 38.Rc3 Ra8 1/2-1/2

[Event "4th Lost Boys op"]
[Site "Antwerp BEL"]
[Date "1996.08.08"]
[Round "6.13"]
[White "Mohandesi, Shahin"]
[Black "Lobron, Eric"]
[Result "1/2-1/2"]
[WhiteElo "2355"]
[BlackElo "2585"]
[EventDate "1996.08.02"]
[PlyCount "122"]

1.Nf3 Nf6 2.c4 e6 3.d4 Bb4+ 4.Bd2 a5 5.e3 O-O 6.Be2 b6 7.O-O Bb7 8.Bxb4 
axb4 9.a4 d6 10.Nbd2 c5 11.Ne1 Nc6 12.Bf3 Qe7 13.Ne4 Nxe4 14.Bxe4 Na5 15.
Bxb7 Qxb7 16.b3 d5 17.cxd5 Qxd5 18.Rb1 cxd4 19.Qxd4 Qxd4 20.exd4 Rfd8 21.
Nc2 Nc6 22.Rfd1 Rd6 23.Rd2 Rad8 24.Rbd1 Kf8 25.f3 Ke7 26.Kf2 R8d7 27.Ke3 
Kd8 28.Rd3 Kc7 29.g4 Kb7 30.Ke4 g5 31.h4 gxh4 32.Rh1 f5+ 33.gxf5 exf5+ 34.
Ke3 Ne5 35.Rd2 Ng6 36.Nxb4 f4+ 37.Ke4 Re7+ 38.Kf5 Re3 39.Rd3 Rxd3 40.Nxd3 
Rxd4 41.Nf2 Rd5+ 42.Kf6 Ka6 43.Rc1 Rd6+ 44.Kg5 Rd2 45.Ng4 Rd3 46.Rc7 Rxf3 
47.Rxh7 Rg3 48.Kxg6 Rxg4+ 49.Kf5 Rg3 50.b4 Rb3 51.a5 f3 52.Rxh4 f2 53.Rf4 
Rxb4 54.Rxf2 bxa5 55.Ke5 Kb5 56.Kd5 a4 57.Rf8 a3 58.Ra8 Rb3 59.Kd4 Rh3 60.
Rb8+ Ka6 61.Kc4 Ka7 1/2-1/2

[Event "4th Lost Boys op"]
[Site "Antwerp BEL"]
[Date "1996.08.08"]
[Round "6.14"]
[White "Shchekachev, Andrei"]
[Black "Giddins, Stephen"]
[Result "1-0"]
[WhiteElo "2560"]
[BlackElo "2345"]
[EventDate "1996.08.02"]
[PlyCount "47"]

1.e4 e6 2.d3 d5 3.Nd2 Nf6 4.Ngf3 Nc6 5.c3 a5 6.Qc2 Be7 7.Be2 O-O 8.O-O a4 
9.Re1 e5 10.Nf1 h6 11.Ng3 dxe4 12.dxe4 Ra5 13.Nd2 Be6 14.Bc4 Qc8 15.h3 Rd8
16.Bf1 b5 17.b4 axb3 18.Nxb3 Bxb3 19.Qxb3 Na7 20.Be3 c5 21.Nf5 Bf8 22.a4 
b4 23.cxb4 cxb4 24.Bb6 1-0

[Event "4th Lost Boys op"]
[Site "Antwerp BEL"]
[Date "1996.08.08"]
[Round "6.15"]
[White "Pira, Davoud"]
[Black "Van den Doel, Erik"]
[Result "1/2-1/2"]
[WhiteElo "2330"]
[BlackElo "2440"]
[EventDate "1996.08.02"]
[PlyCount "140"]

1.d4 g6 2.e4 Bg7 3.Nc3 d6 4.Nf3 Nf6 5.h3 O-O 6.Be3 c6 7.a4 Nbd7 8.a5 e5 9.
dxe5 dxe5 10.Qd6 Ne8 11.Qa3 Bf6 12.Bc4 Be7 13.Qa2 Bb4 14.Bh6 Ng7 15.O-O 
Qe7 16.Ng5 Nc5 17.Nd1 Nce6 18.Nxe6 Bxe6 19.Bxe6 fxe6 20.Ne3 Rfd8 21.c3 Bd6
22.Bxg7 Kxg7 23.Qc4 a6 24.Qb3 h5 25.Nc4 Rac8 26.Rfd1 Bc5 27.Rxd8 Rxd8 28.
Rd1 Qf6 29.Rf1 Qf4 30.Qc2 Rf8 31.b4 Ba7 32.Nd6 Rd8 33.Nc4 g5 34.Qe2 g4 35.
hxg4 hxg4 36.Ne3 g3 37.Qg4+ Qxg4 38.Nxg4 gxf2+ 39.Kh2 Rd3 40.Nxf2 Bxf2 41.
Rxf2 Rxc3 42.Rd2 Kf6 43.Rd7 Rb3 44.Rxb7 c5 45.Rb6 Rxb4 46.Rxa6 Rxe4 47.Rc6
Rc4 48.Kg3 Kf5 49.Kf2 Rc2+ 50.Kf3 e4+ 51.Ke3 Ke5 52.a6 Kd5 53.a7 Ra2 54.
Rc7 Ra3+ 55.Ke2 e3 56.Kf3 Kd6 57.Rh7 c4 58.g4 e5 59.g5 e4+ 60.Ke2 c3 61.
Kxe3 Ra1 62.Rh1 Rxa7 63.Kxe4 Kc5 64.g6 Kc4 65.Rh7 Ra8 66.Rc7+ Kb3 67.Rb7+ 
Kc2 68.g7 Kd2 69.Rd7+ Ke2 70.Rc7 Kd2 1/2-1/2

[Event "4th Lost Boys op"]
[Site "Antwerp BEL"]
[Date "1996.08.08"]
[Round "6.16"]
[White "Jonkman, Harmen"]
[Black "Van Riemsdijk, Herman Claudius"]
[Result "1-0"]
[WhiteElo "2325"]
[BlackElo "2425"]
[EventDate "1996.08.02"]
[PlyCount "55"]

1.e4 d6 2.d4 Nf6 3.Nc3 g6 4.f4 Bg7 5.Nf3 O-O 6.Bd3 Nc6 7.O-O Bg4 8.e5 dxe5
9.dxe5 Nd5 10.h3 Bxf3 11.Qxf3 Ncb4 12.Be4 c6 13.Rd1 Qb6+ 14.Kh1 Rad8 15.
Ne2 f5 16.exf6 Nxf6 17.Be3 Qa6 18.Bd4 Qc4 19.c3 Nxe4 20.Qxe4 Qd5 21.Qxe7 
Bxd4 22.Rxd4 Rde8 23.Qxb4 Qh5 24.Ng1 Rf7 25.Re4 Rd8 26.Nf3 Rd3 27.Re8+ Kg7
28.Qe4 1-0

[Event "4th Lost Boys op"]
[Site "Antwerp BEL"]
[Date "1996.08.08"]
[Round "6.17"]
[White "Polaczek, Richard"]
[Black "Donk, Merlijn Silvester"]
[Result "1-0"]
[WhiteElo "2420"]
[BlackElo "2315"]
[EventDate "1996.08.02"]
[PlyCount "69"]

1.d4 Nf6 2.Nf3 e6 3.g3 c5 4.Bg2 Nc6 5.O-O d5 6.c4 dxc4 7.Ne5 Nd5 8.Nxc6 
bxc6 9.Na3 Ba6 10.Qa4 Qb6 11.dxc5 Bxc5 12.Nxc4 Qb5 13.Qxb5 Bxb5 14.b3 O-O 
15.Bb2 f6 16.Rfc1 Be7 17.Na5 c5 18.a4 Ba6 19.Nc6 Bd6 20.e4 Nb6 21.a5 Nc8 
22.e5 fxe5 23.Nxe5 Rb8 24.Nd7 Rxb3 25.Nxf8 Bxf8 26.Ba3 c4 27.Bxf8 Kxf8 28.
Bh3 Nd6 29.Bxe6 Rb2 30.Ra3 Bb7 31.Re3 g5 32.Ree1 Rb4 33.Rcd1 c3 34.Rxd6 c2
35.Bf5 1-0

[Event "4th Lost Boys op"]
[Site "Antwerp BEL"]
[Date "1996.08.08"]
[Round "6.18"]
[White "Docx, Stefan"]
[Black "Blees, Albert"]
[Result "0-1"]
[WhiteElo "2315"]
[BlackElo "2415"]
[EventDate "1996.08.02"]
[PlyCount "58"]

1.e4 c5 2.Nf3 d6 3.d4 cxd4 4.Nxd4 Nf6 5.Nc3 a6 6.Be3 e5 7.Nde2 Be6 8.Nd5 
Bxd5 9.exd5 Ng4 10.Qd2 Be7 11.g3 Nd7 12.Bg2 Rc8 13.c3 O-O 14.O-O b5 15.Nc1
Nxe3 16.Qxe3 Bg5 17.Qe2 Bxc1 18.Rfxc1 Nc5 19.b4 Na4 20.c4 Qb6 21.cxb5 axb5
22.Qd2 Rc4 23.Rxc4 bxc4 24.a3 Qd4 25.Rd1 Nc3 26.Qxd4 exd4 27.Ra1 d3 28.a4 
Ne2+ 29.Kf1 c3 0-1

[Event "4th Lost Boys op"]
[Site "Antwerp BEL"]
[Date "1996.08.08"]
[Round "6.19"]
[White "Roofthoofd, Marcel"]
[Black "Lane, Gary"]
[Result "0-1"]
[WhiteElo "2295"]
[BlackElo "2405"]
[EventDate "1996.08.02"]
[PlyCount "68"]

1.e4 e5 2.Nf3 Nc6 3.d4 exd4 4.Bc4 Bc5 5.O-O d6 6.c3 Bg4 7.Qb3 Bxf3 8.Bxf7+
Kf8 9.Bxg8 Rxg8 10.gxf3 Qd7 11.Nd2 Re8 12.Kh1 g5 13.Rg1 dxc3 14.bxc3 Ne5 
15.Ba3 Bxf2 16.Rg2 Bb6 17.Rf1 Qf7 18.c4 Ke7 19.Bb4 Kd8 20.a4 a5 21.Bc3 Kc8
22.Qb5 Nd3 23.Bxa5 Re5 24.c5 Rxc5 25.Qxd3 Bxa5 26.Rb1 Rf8 27.Nb3 Rc3 28.
Qb5 Bb6 29.a5 Be3 30.a6 bxa6 31.Qxa6+ Kd8 32.Qa8+ Ke7 33.Qa5 Rc4 34.Rg3 
Rc2 0-1

[Event "4th Lost Boys op"]
[Site "Antwerp BEL"]
[Date "1996.08.08"]
[Round "6.20"]
[White "Sadkowsky, Daniel"]
[Black "Van Mil, Johannes"]
[Result "0-1"]
[WhiteElo "2270"]
[BlackElo "2405"]
[EventDate "1996.08.02"]
[PlyCount "122"]

1.Nf3 g6 2.c4 Bg7 3.Nc3 f5 4.d4 Nf6 5.g3 O-O 6.Bg2 d6 7.O-O Nc6 8.d5 Na5 
9.Qa4 c5 10.dxc6 bxc6 11.Nd4 Bd7 12.Nxc6 Nxc6 13.Bxc6 Bxc6 14.Qxc6 Rc8 15.
Qa4 Qd7 16.b3 d5 17.Qxd7 Nxd7 18.Bd2 dxc4 19.Rac1 Nb6 20.bxc4 Nxc4 21.Nd5 
Kf7 22.Bb4 Rfe8 23.Rfd1 Bf8 24.Bc3 Red8 25.Nf4 e5 26.Rxd8 Rxd8 27.Nd3 Ke6 
28.Rb1 Bd6 29.Rb7 Rd7 30.Rxd7 Kxd7 31.Kf1 e4 32.Nc1 Kc6 33.Ke1 Kd5 34.Kd1 
Bc5 35.e3 Ba3 36.Nb3 Bb2 37.Kc2 Bxc3 38.Kxc3 Ne5 39.Nd4 Ng4 40.Kb4 Nxh2 
41.Nb5 Ng4 42.Nxa7 Nxf2 43.a4 Nd3+ 44.Kb5 g5 45.Nc8 f4 46.gxf4 gxf4 47.a5 
fxe3 48.a6 e2 49.a7 e1=Q 50.a8=Q+ Kd4 51.Qa7+ Kc3 52.Nd6 Qb1+ 53.Kc6 Qb4 
54.Qe3 Qc5+ 55.Qxc5+ Nxc5 56.Kxc5 e3 57.Ne4+ Kd3 58.Ng5 e2 59.Nf3 h5 60.
Ne1+ Ke4 61.Kc4 h4 0-1